Statistical methods in biology / (Record no. 16870)

MARC details
000 -LEADER
fixed length control field 00703nam a22002412 4500
001 - CONTROL NUMBER
control field 0000019628
003 - CONTROL NUMBER IDENTIFIER
control field OSt
005 - DATE AND TIME OF LATEST TRANSACTION
control field 20180626140828.0
008 - FIXED-LENGTH DATA ELEMENTS--GENERAL INFORMATION
fixed length control field 110114s xx 000 0 eng d
020 ## - INTERNATIONAL STANDARD BOOK NUMBER
International Standard Book Number 0521498457
040 ## - CATALOGING SOURCE
Original cataloging agency KABU
Transcribing agency KABU
100 1# - MAIN ENTRY--PERSONAL NAME
Personal name Bailey, Norman T. J.
245 10 - TITLE STATEMENT
Title Statistical methods in biology /
Statement of responsibility, etc. Norman T. J. Bailey.
250 ## - EDITION STATEMENT
Edition statement 3rd ed.
260 ## - PUBLICATION, DISTRIBUTION, ETC. (IMPRINT)
Place of publication, distribution, etc. New York :
Name of publisher, distributor, etc. Combridge University press,
Date of publication, distribution, etc. 1994.
300 ## - PHYSICAL DESCRIPTION
Extent xi, 255p.
650 #0 - SUBJECT ADDED ENTRY--TOPICAL TERM
Topical term or geographic name as entry element Biometry.
908 ## - PUT COMMAND PARAMETER (RLIN)
Put command parameter 110114
942 ## - ADDED ENTRY ELEMENTS (KOHA)
Source of classification or shelving scheme Library of Congress Classification
Koha item type General Collection
Holdings
Withdrawn status Lost status Source of classification or shelving scheme Not for loan Home library Current library Date acquired Cost, normal purchase price Total Checkouts Full call number Barcode Date last seen Price effective from Koha item type
    Library of Congress Classification   Kabarak, Main Campus Kabarak, Main Campus 26/06/2018 812.00   QH323.5 .B35 1994 c.1 025085 26/06/2018 26/06/2018 General Collection
    Library of Congress Classification   Kabarak, Main Campus Kabarak, Main Campus 26/06/2018 812.00   QH323.5 .B35 1994 c.2 025084 26/06/2018 26/06/2018 General Collection
    Library of Congress Classification   Kabarak, Main Campus Kabarak, Main Campus 26/06/2018 812.00   QH323.5 .B35 1994 c.3 025083 26/06/2018 26/06/2018 General Collection
    Library of Congress Classification   Kabarak, Main Campus Kabarak, Main Campus 26/06/2018 812.00   QH323.5 .B35 1994 c.4 025081 26/06/2018 26/06/2018 General Collection
    Library of Congress Classification   Kabarak, Main Campus Kabarak, Main Campus 26/06/2018 812.00   QH323.5 .B35 1994 c.5 025082 26/06/2018 26/06/2018 General Collection
Designed with assistance from East African Informatics Ltd